LEADER 00873nam0-22003011i-450- 001 990000506370403321 005 20101124161943.0 010 $a0901223832 035 $a000050637 035 $aFED01000050637 035 $a(Aleph)000050637FED01 035 $a000050637 100 $a20020821d1976----km-y0itay50------ba 101 0 $aeng 105 $ay-------001yy 200 1 $aGeometrical theory of diffraction for electromagnetic waves$fGraeme L. James 210 $aStevenage, Herts$cPeter Peregrimes$dİ1976 215 $a253 p.$cill.$d23 cm 225 1 $aIEE electromagnetic waves series$v1 610 0 $aOnde elettromagnetiche$aDiffusione 676 $a537 700 1$aJames,$bGraeme L.$f<1945- > 801 0$aIT$bUNINA$gRICA$2UNIMARC 901 $aBK 912 $a990000506370403321 952 $a10 E III 178$bL/13$fDINEL 959 $aDINEL 997 $aUNINA LEADER 05053nam 22006854a 450 001 9910961632703321 005 20200520144314.0 010 $a1-280-85985-7 010 $a9786610859856 010 $a1-4294-2712-4 010 $a90-474-0615-X 010 $a1-4337-0746-2 024 7 $a10.1163/9789047406150 035 $a(CKB)1000000000334955 035 $a(EBL)280749 035 $a(OCoLC)171562074 035 $a(SSID)ssj0000241991 035 $a(PQKBManifestationID)11220967 035 $a(PQKBTitleCode)TC0000241991 035 $a(PQKBWorkID)10300987 035 $a(PQKB)10632659 035 $a(Au-PeEL)EBL280749 035 $a(CaPaEBR)ebr10171567 035 $a(CaONFJC)MIL85985 035 $a(OCoLC)182530379 035 $a(nllekb)BRILL9789047406150 035 $a(MiAaPQ)EBC280749 035 $a(EXLCZ)991000000000334955 100 $a20040707d2004 uy 0 101 0 $ager 135 $aurcn||||||||| 181 $ctxt$2rdacontent 182 $cc$2rdamedia 183 $acr$2rdacarrier 200 00$aSchriften im Umkreis mitteleuropaischer Universitaten um 1400 $elateinische und volkssprachige Texte aus Prag, Wien und Heidelberg : Unterschiede, Gemeinsamkeiten, Wechselbeziehungen /$fherausgegeben von Fritz Peter Knapp, Jurgen Miethke und Manuela Niesner 205 $a1st ed. 210 $aLeiden, The Netherlands ;$aBoston $cBrill$d2004 215 $a1 online resource (xxix, 310 pages) $cillustrations 225 1 $aEducation and society in the Middle Ages and Renaissance,$x0926-6070 ;$vv. 20 300 $a"Vom 4. bis zum 6. April 2002 fand im Rahmen des Internationalen Wissenschaftsforums Heidelberg (IWH) das durch die Deutsche Forschungsgemeinschaft und die Stiftung Universitat Heidelberg finanzierte internationale Symposion uber das Rahmenthema dieses Bandes statt, der nun die Beitrage der Tagung in gedruckter Form der wissenschaftlichen Offentlichkeit zur Kenntnis bringt"--Vorwort. 311 08$a90-04-14053-0 320 $aIncludes bibliographical references and index. 327 $aVorwort; Ein Fragenkatalog zum Thema der Tagung (Fritz Peter Knapp); Lateinisches Schrifttum: Artes, Theologie und Predigt; Konrad von Soltau: ,Lectura super caput Firmiter' (Jana Nechutova?); Konrad von Gelnhausen: Leben und Predigt (Dorothea Walz); Gescha?ft und Moral: Schriften ,De contractibus' an mitteleuropa?ischen Universita?ten im spa?ten 14. und fru?hen 15. Jahrhundert (Matthias Nuding); Die Verschriftlichung der Quodlibet-Disputationen an der Prager Artistenfakulta?t bis 1420 (Franti ek mahel) 327 $aEthica in Wien anno 1438. Die Kommentierung der Aristotelischen ,Ethik' an der Wiener Artistenfakulta?t (Christoph Flu?eler)Volkssprachiges Schrifttum im Umkreisder Universita?ten; Princeps litteratus aut illitteratus? Sprachfertigkeiten regierender Fu?rsten um 1400 zwischen realen Anforderungssituationen und pa?dagogischem Humanismus (Wolfgang Eric Wagner); Pastoraltheologische Texte des Mattha?us von Krakau (Dietrich Schmidtke); Lateinische und deutsche Predigten im Umfeld von Universita?t und Hof in Heidelberg um 1420 (Christoph Roth); Universita?tsgemeinde (1417) (Va?clav Bok und Freimut Lo?ser) 327 $a,Die Wyclifsche'. Frauen in der Hussitenbewegung (Alfred Thomas)Liebeslieder im Universita?tsmilieu (Fritz Peter Knapp); Nachwort; Ru?ckblick eines Historikers auf eine interdisziplina?re Tagung (Ju?rgen Miethke); Abgeku?rzt zitierte Literatur; Register der Personennamen 330 $aThe papers published here were presented at an international symposium held in 2002 at Heidelberg, at which international experts investigated the literary output at the end of the 14th century and at the beginning of the 15th of the first three universities founded within the medieval Holy Roman Empire north of the Alps: Prague, Vienna and Heidelberg. The articles provide insights into a great variety of academic texts till now rarely examined and the specific conditions of their production, and trace the interrelations between these universities which were narrowly interlinked by many itinerant teachers and scholars. The papers deal with the scholarly Latin texts, which often originated directly from teaching, as well as the vernacular texts stimulated or influenced by academic learning in the practice fields of preaching, religious doctrine, edification, pastoral theology, and general popularizing of scholarship. 410 0$aEducation and society in the Middle Ages and Renaissance ;$vv. 20. 606 $aUniversities and colleges$zEurope, Central$xHistory$y15th century$vSources 615 0$aUniversities and colleges$xHistory 676 $a378.43/09024 701 $aKnapp$b Fritz Peter$0217180 701 $aMiethke$b Ju?rgen$0245931 701 $aNiesner$b Manuela$01835746 801 0$bMiAaPQ 801 1$bMiAaPQ 801 2$bMiAaPQ 906 $aBOOK 912 $a9910961632703321 996 $aSchriften im Umkreis mitteleuropaischer Universitaten um 1400$94412665 997 $aUNINA